| 000 | 00922nam0a2200265 4500 | ||
|---|---|---|---|
| 001 | RU\NLR\BIBL_A\011547696 | ||
| 005 | 20250626091355.0 | ||
| 035 | _a(NLR Aleph) 011547696 | ||
| 090 |
_a12228444 _c12228444 |
||
| 100 | _a20171206d1939 |||y0rusy50 ca | ||
| 101 | 0 | _achv | |
| 102 | _aRU | ||
| 105 | _aab z 000 y | ||
| 200 | 1 |
_aХӗвел тӗттӗмленни _fК. А.(!) Байӗв, проф. |
|
| 210 |
_aШупашкар _cЧАССР гос. изд-ви _d1939 |
||
| 215 |
_a55,[1] с. _cил., карты |
||
| 300 | _aВ вып. дан. авт.: А.(!) Баев | ||
| 541 | 1 |
_aСолнечное затмение _zrus |
|
| 606 | 1 |
_aСолнечные затмения _91041060 _3RU\NLR\AUTH\6682973 |
|
| 686 | 1 | _aВ652.6 | |
| 700 | 1 |
_aБаев _bК.Л. _f1881-1953 _gКонстантин Львович _4070 |
|
| 852 |
_aNLR _bОНЛ _jЧув./3-73 |
||
| 942 | _cBOOK | ||
| 980 | _aNB | ||